书目信息 |
| 题名: |
无线电合订本
|
|
| 作者: | ;无线电编辑部 编 | |
| 分册: | 下 | |
| 出版信息: | 北京 人民邮电出版社 2021.4 |
|
| 页数: | 504页 | |
| 开本: | 26cm | |
| 丛书名: | ||
| 单 册: | ||
| 中图分类: | TN014 | |
| 科图分类: | ||
| 主题词: | 无线电技术--丛刊 | |
| 电子资源: | ||
| ISBN: | 978-7-115-55858-9 | |
| 000 | 00983nam0 2200241 45 | |
| 001 | 012001001959 | |
| 005 | 20211013151823.83 | |
| 010 | @a978-7-115-55858-9@dCNY99.00 | |
| 100 | @a20210429d2021 em y0chiy50 ea | |
| 101 | 0 | @achi |
| 102 | @aCN@b110000 | |
| 105 | @aa z 000yy | |
| 106 | @ar | |
| 200 | 1 | @a无线电合订本@Awu xian dian he ding ben@e65周年版@h下@h2020年第7期~第12期@b专著@f《无线电》编辑部编 |
| 210 | @a北京@c人民邮电出版社@d2021.4 | |
| 215 | @a504页@c图,照片@d26cm | |
| 304 | @a英文共同题名:WXD hands-on electronics | |
| 330 | @a本书囊括了《无线电》杂志2020年第7-12期创客、制作、信息、装备、火腿、入门、教育、史话等栏目的所有文章,其中有热门的开源硬件、智能控制、物联网应用、机器人制作等内容,也有经典的电路设计、电学基础知识等内容,还有丰富的创客活动与创客空间的相关资讯。 | |
| 606 | 0 | @a无线电技术@j丛刊 |
| 690 | @aTN014@v5 | |
| 711 | 02 | @a无线电编辑部@Awu xian dian bian ji bu@4编 |
| 801 | 0 | @aCN@bBJSDL@c20211011 |
| 905 | @b1337887-90@dTN014@e179:2@f4 | |
| 无线电合订本:65周年版.下.2020年第7期~第12期/《无线电》编辑部编.-北京:人民邮电出版社,2021.4 |
| 504页:图,照片;26cm |
| ISBN 978-7-115-55858-9:CNY99.00 |
| 本书囊括了《无线电》杂志2020年第7-12期创客、制作、信息、装备、火腿、入门、教育、史话等栏目的所有文章,其中有热门的开源硬件、智能控制、物联网应用、机器人制作等内容,也有经典的电路设计、电学基础知识等内容,还有丰富的创客活动与创客空间的相关资讯。 |
| ● |
| 相关链接 |
|
|
|
|
正题名:无线电合订本
索取号:TN014/179:2
 
预约/预借
| 序号 | 登录号 | 条形码 | 馆藏地/架位号 | 状态 | 备注 |
| 1 | 1337887 | 213378879 | 第二样本阅览室/ [索取号:TN014/179:2] | 在馆 | |
| 2 | 1337888 | 213378888 | 第三借阅区/ [索取号:TN014/179:2] | 在馆 | |
| 3 | 1337889 | 213378897 | 第三借阅区/ [索取号:TN014/179:2] | 在馆 | |
| 4 | 1337890 | 213378904 | 第三借阅区/ [索取号:TN014/179:2] | 在馆 |